Surveying by satellite for the developing world: international seminar, Dublin , September 18-20, 1985 (Record no. 91567)
[ view plain ]
| 000 -LEADER | |
|---|---|
| fixed length control field | 00846cam a2200253 4500 |
| 001 - CONTROL NUMBER | |
| control field | B1479 |
| 008 - FIXED-LENGTH DATA ELEMENTS--GENERAL INFORMATION | |
| fixed length control field | 090401t xxu||||| |||| 00| 0 eng d |
| 035 ## - SYSTEM CONTROL NUMBER | |
| System control number | (Sirsi) u44610 |
| 041 ## - LANGUAGE CODE | |
| Language code of text/sound track or separate title | eng |
| 050 ## - LIBRARY OF CONGRESS CALL NUMBER | |
| Classification number | 526.9823 |
| 110 ## - MAIN ENTRY--CORPORATE NAME | |
| Corporate name or jurisdiction name as entry element | College of Technology Dublin |
| 9 (RLIN) | 2291 |
| 245 ## - TITLE STATEMENT | |
| Title | Surveying by satellite for the developing world: international seminar, Dublin , September 18-20, 1985 |
| 260 ## - PUBLICATION, DISTRIBUTION, ETC. | |
| Place of publication, distribution, etc. | Dublin |
| Date of publication, distribution, etc. | 1985? |
| 300 ## - PHYSICAL DESCRIPTION | |
| Extent | 130p. : ill. ; 21cm. |
| 350 ## - PRICE (NR) (BK AM CF MU VM SE) [OBSOLETE] | |
| Price | 22.5 |
| 520 ## - SUMMARY, ETC. | |
| Summary, etc. | Includes papers by Ashkenazi,V. ; Brazier,A.J.C. Munroe,R.N. Organised under the terms of the European Development Fund . |
| 650 ## - SUBJECT ADDED ENTRY--TOPICAL TERM | |
| Topical term or geographic name entry element | DEVELOPING COUNTRIES |
| 650 ## - SUBJECT ADDED ENTRY--TOPICAL TERM | |
| Topical term or geographic name entry element | REMOTE SENSING |
| 650 ## - SUBJECT ADDED ENTRY--TOPICAL TERM | |
| Topical term or geographic name entry element | SATELLITE SURVEYING |
| 710 ## - ADDED ENTRY--CORPORATE NAME | |
| Corporate name or jurisdiction name as entry element | Trinity College Dublin |
| 9 (RLIN) | 2293 |
| 710 ## - ADDED ENTRY--CORPORATE NAME | |
| Corporate name or jurisdiction name as entry element | Irish Council for Overseas Students |
| 9 (RLIN) | 2296 |
| 942 ## - ADDED ENTRY ELEMENTS (KOHA) | |
| Suppress in OPAC | 0 |
| 948 ## - LOCAL PROCESSING INFORMATION (OCLC); SERIES PART DESIGNATOR (RLIN) | |
| c (OCLC) | 04/03/1997 |
| Withdrawn status | Lost status | Source of classification or shelving scheme | Damaged status | Not for loan | Home library | Current library | Shelving location | Date acquired | Cost, normal purchase price | Total Checkouts | Full call number | Barcode | Date last seen | Copy number | Cost, replacement price | Price effective from | Koha item type |
|---|---|---|---|---|---|---|---|---|---|---|---|---|---|---|---|---|---|
| Dewey Decimal Classification | London | London | Basement | 19/08/1991 | 22.50 | SHELF 203 | 30017458 | 06/08/2019 | 1 | 22.50 | 06/08/2019 | Book |